Wymień skład Realu Madryt 2019/20 - Statystyki

Ogólne statystyki
  • Ten quiz został rozwiązany 330 razy
  • Średni wynik to 17 z 26
Statystyki odpowiedzi
Numer Imię i nazwisko % Poprawnych
9 Karim Benzema
94%
10 Luka Modric
93%
4 Sergio Ramos
90%
8 Toni Kroos
87%
Trener Zinedine Zidane
86%
13 Thibaut Courtois
82%
12 Marcelo Vieira
80%
2 Daniel Carvajal
77%
11 Gareth Bale
77%
25 Vinicius Junior
77%
14 Casemiro
75%
5 Raphael Varane
74%
7 Eden Hazard
72%
27 Rodrygo Goes
69%
20 Marco Asensio
64%
6 Nacho Fernandez
64%
23 Ferland Mendy
61%
22 Isco Alarcon
60%
15 Federico Valverde
58%
3 Eder Militao
52%
24 Mariano Diaz
52%
17 Lucas Vazquez
46%
18 Luka Jovic
42%
1 Alphonse Areola
40%
21 Brahim Diaz
29%
16 James Rodriguez
27%
Nie znaleziono quizów pasujących do podanych kryteriów
Rozkład punktacji
Procent ludzi z każdym wynikiem
Percentyl według liczby udzielonych odpowiedzi
Twoja historia wyników
Nie rozwiązałeś tego quizu